000 00640nam a2200241Ia 4500
008 160303s9999 xx 000 0 und d
020 _a971-08-6730-X
050 _aFIL GN 24
050 _b.Z85 2006
100 _aZulueta, Francisco M.
245 _aAnthropological and sociological concepts and perspectives /
245 _cFrancisco M. Zulueta.
260 _aMandaluyong:
260 _bNational Book Store,
260 _c2006
300 _a433 pages :
300 _billustrations ;
300 _c22 cm.
650 _aAnthropology.
650 _aPhilippines --
650 _aSociology.
650 _xSocial conditions.
999 _c291238
_d291238